01018nam a2200241 a 45000010005000000030005000050050017000100080041000270400020000682450065000882600039001533000011001924900047002035000234002506500034004846500034005186500042005526500036005947000023006309420013006539990015006669520095006812515CDMR20131209133603.0130130s1971||||||||||||||||||||||||||||d aCDMRbcatcCDMR00aLenguaje y comunicación socialcEliseo Verón... [et al.] aBuenos Airesc1971bNueva Visión a228 p.0 aLenguaje y comunicación (Nueva Visión) aTreballs del simposi, celebrat al Centro de Investigaciones Sociales del Instituto Torcuato di Tella, del 23 al 25 d'octubre de 1967, sota el títol "Teoría de la comunicación y modelos lingüísticos en ciencias sociales"0494377aLlenguatge i llengües0494410aComunicació no verbal0494289aComunicacióxAspectes socials0494399aComunicacióxCongressos1 9414aVeron, Eliseo cMON2udc c2515d2515 00104070aCDMRbCDMRd2013-01-16l0oCc 2/9pCDMR1312613435r2013-01-16w2013-01-16yMON